Statistiken für Meistbesuchte Länder der Welt

Klicken Sie hier um das Quiz zu spielen!

Allgemein

  • Dieses Quiz wurde 268 mal gespielt
  • Das Durchschnittsergebnis liegt bei 8 aus 10

Antwortstatistiken

BesucherLand% Korrekt
77.503.457Vereinigte Staaten von Amerika
99%
35.014.102Deutschland
95%
84.501.321Frankreich
95%
68.215.101Spanien
93%
5.692.322Volksrepublik China
92%
50.754.105Italien
89%
31.362.252Russland
66%
32.141.945Mexiko
59%
34.434.210Vereinigtes Königreich
49%
39.534.120Türkei
44%

Verteilung der Resultate

Perzentil nach korrekt beantworteten Fragen

Anzahl Personen mit jedem Resultat

Ihre Resultats-Entwicklung

Sie haben dieses Quiz noch nicht gespielt